000 00847nas a2200277 i 4500
001 1464
003 ES-MaACL
005 20250830012011.0
007 t|
008 950801c1985 sp | | 1 ||pa d
022 _a2478-7957
080 _a860
245 0 0 _aMiguel de Cervantes
_b: revista de creación e investigación /
_cColectivo de Profesores de Enseñaza Media.
260 _aAlcázar de San Juan :
_bel Colectivo,
_c1985.
300 _a1 v. ;
_c21 cm.
310 _aSemestral
362 0 _aN. 1 (mar. 1985)-
650 1 7 _aLiteratura española
_2embne
_914539
655 7 _2tgfbne
_9226866
_aRevistas
710 2 0 _aColectivo de Profesores de Enseñanza Media
_92875
852 _aES-MaACL
_jHem-1977
866 0 _o1985-87.
942 _2udc
_cPERIODICA
999 _c1464
_d1464